वाद्यवेध आणि भारतीय संगीताची मूलत्तवे / (Record no. 43387)

MARC details
000 -LEADER
fixed length control field 01111nam a22002417a 4500
005 - DATE AND TIME OF LATEST TRANSACTION
control field 2010083008028.0
010 ## - LCCN (DPL NO)
LC control number MAR-20215
020 ## - INTERNATIONAL STANDARD BOOK NUMBER
Terms of availability 250.00
International Standard Book Number 9788174345035
035 ## - SYSTEM CONTROL NUMBER
System control number MR-12873
037 ## - SOURCE OF ACQUISITION
Source of stock number/acquisition DBAD / PUB
082 ## - DEWEY DECIMAL CLASSIFICATION NUMBER
Classification number 780.954
100 ## - MAIN ENTRY--PERSONAL NAME
Personal name चंदावरकर, भास्कर
245 ## - TITLE STATEMENT
Title वाद्यवेध आणि भारतीय संगीताची मूलत्तवे /
Statement of responsibility, etc भास्कर चंदावरकर
246 ## - VARYING FORM OF TITLE
Title proper/short title Vadyavedh Ani Bharatiya Sangeetachi Moolatattve
260 ## - PUBLICATION, DISTRIBUTION, ETC. (IMPRINT)
Place of publication, distribution, etc पुणे
Name of publisher, distributor, etc राजहँस प्रकाशन
Date of publication, distribution, etc 2010
270 ## - ADDRESS
Address 1025, सदाशिव पेट शनिवार पेठ,
City पुणे
Postal code 411030
300 ## - PHYSICAL DESCRIPTION
Extent अकरा,216पृ
Dimensions 22सेमी (अजिल्द)
650 ## - SUBJECT ADDED ENTRY--TOPICAL TERM
Topical term or geographic name as entry element संगीत
650 ## - SUBJECT ADDED ENTRY--TOPICAL TERM
Topical term or geographic name as entry element Music
700 ## - ADDED ENTRY--PERSONAL NAME
9 (RLIN) 17934
942 ## - ADDED ENTRY ELEMENTS (KOHA)
Source of classification or shelving scheme Dewey Decimal Classification
Item type Marathi Books
Classification part 780.954
Call number suffix चंदाव
Holdings
Withdrawn status Lost status Not for loan Collection code Home library Current library Date acquired Source of acquisition Cost, normal purchase price Full call number Barcode Copy number Cost, replacement price Koha item type
    Not For Loan Non-fiction D.B.Act.Division D.B.Act.Division 01/09/2010 DBAD / PUB 250.00 780.954 चंदाव MR-12873 1 250.00 Marathi Books

© Delhi Public Library
Hit Counter
free hit counter